Top 10 Countries by HDI Growth - Statistics

General Stats
  • This quiz has been taken 15 times
  • The average score is 6 of 10
Answer Stats
Annual Growth Country % Correct
1.94% Haiti
92%
1.74% Ethiopia
75%
1.54% Niger
75%
1.34% Zimbabwe
67%
1.27% Angola
58%
1.64% Bangladesh
58%
1.72% Burkina Faso
50%
1.38% Ivory Coast
42%
1.26% Myanmar
33%
1.57% Eswatini
25%
No matching quizzes found
Score Distribution
Percent of People with Each Score
Percentile by Number Answered
Your Score History
You have not taken this quiz